[Event "TUR-chT 2nd League"]
[Site "Konya"]
[Date "2022.08.22"]
[Round "1.2"]
[White "Sakir, Ridvan"]
[Black "Doner, Mustafa"]
[Result "1-0"]
[WhiteElo "2270"]
[BlackElo "1855"]
[PlyCount "79"]
[EventDate "2022.08.22"]
[EventType "team-swiss"]
[EventRounds "9"]
[EventCountry "TUR"]
[SourceTitle "CBM 210 Extra"]
[Source "ChessBase"]
[SourceDate "2022.11.30"]
[SourceVersion "1"]
[SourceVersionDate "2022.11.30"]
[SourceQuality "1"]
[WhiteTeam "Seyhan Belediye"]
[BlackTeam "Gaziantep Sader"]
[WhiteTeamCountry "TUR"]
[BlackTeamCountry "TUR"]

1. e4 g6 2. d4 c5 3. Nf3 Bg7 4. c4 cxd4 5. Nxd4 Nc6 6. Be3 Nf6 7. Nc3 d6 8. Be2 0-0 9. Qd2 Bd7 10. 0-0 Nxd4 11. Bxd4 Bc6 12. f3 a5 13. b3 Nd7 14. Be3 Nc5 15. Rab1 Be5 16. Rfd1 e6 17. Bd4 Qf6 18. Bxe5 dxe5 19. Qd6 Na6 20. Nd5 Bxd5 21. cxd5 Nb4 22. Rb2 Rac8 23. Bc4 Rfd8 24. Qb6 Qg5 25. Qxa5 exd5 26. exd5 Nc6 27. Qd2 Qf6 28. a4 Nd4 29. f4 Nf5 30. fxe5 Qxe5 31. Re1 Qc7 32. Qb4 Nd6 33. Bf1 Re8 34. Rbb1 h5 35. Kh1 Qd7 36. Qd4 Nf5 37. Qe5 Qd8 38. g3 Qb6 39. Bh3 Qf2 40. Rf1 1-0

[Event "Manisa Rotary Club"]
[Site "Manisa"]
[Date "2019.01.29"]
[Round "4.1"]
[White "Sakir, Ridvan"]
[Black "Guseynov, Alihan"]
[Result "1/2-1/2"]
[WhiteElo "2212"]
[BlackElo "2346"]
[PlyCount "169"]
[EventDate "2019.01.28"]
[EventType "schev"]
[EventRounds "10"]
[EventCountry "TUR"]
[SourceTitle "CBM 188 Extra"]
[Source "ChessBase"]
[SourceDate "2019.02.26"]
[SourceVersion "1"]
[SourceVersionDate "2019.02.26"]
[SourceQuality "1"]
[WhiteTeam "Turkuaz"]
[BlackTeam "Eflatun"]
[WhiteTeamCountry "TUN"]
[BlackTeamCountry "TUR"]

1. e4 c5 2. Nf3 Nc6 3. d4 cxd4 4. Nxd4 Nf6 5. Nc3 d6 6. Bg5 e6 7. Qd2 a6 8. 0-0-0 h6 9. Be3 Be7 10. f3 Nxd4 11. Qxd4 b5 12. Kb1 e5 13. Qd2 Be6 14. g4 Rc8 15. h4 Qa5 16. a3 Rxc3 17. Qxc3 Qxc3 18. bxc3 d5 19. exd5 Nxd5 20. Rd3 0-0 21. Bc1 Rc8 22. Bb2 Nf4 23. Re3 Nd5 24. Rxe5 Nxc3+ 25. Bxc3 Rxc3 26. Bd3 Rxa3 27. Kb2 Ra2+ 28. Kc3 Bf6 29. Rhe1 Ra4 30. Kd2 Bxe5 31. Rxe5 Kf8 32. Rc5 Ke7 33. Rc7+ Kd6 34. Ra7 Kc5 35. h5 Kb6 36. Re7 Rd4 37. Kc3 Rd8 38. Be4 a5 39. Rb7+ Ka6 40. Kb2 Rc8 41. Re7 Kb6 42. Rb7+ Ka6 43. Re7 Rb8 44. f4 a4 45. g5 b4 46. g6 a3+ 47. Ka1 Rf8 48. Bd3+ Kb6 49. f5 Bd5 50. Re5 Kc6 51. Be4 Bxe4 52. Rxe4 fxg6 53. fxg6 Rb8 54. Re7 Rb7 55. Rf7 Rd7 56. Ka2 Kd6 57. Rf4 Rb7 58. Kb3 Ke6 59. Rf8 Ra7 60. Ka2 Rc7 61. Kb1 Rd7 62. Ka2 Rd5 63. Rf7 Rd7 64. Rf8 Rc7 65. Kb1 Rc5 66. Rf7 Rxh5 67. Rxg7 Kf6 68. Rb7 Kxg6 69. Rxb4 Ra5 70. Ka2 h5 71. c4 Kf5 72. Rb1 h4 73. Rc1 Kf4 74. c5 h3 75. c6 Ra8 76. c7 h2 77. Rc4+ Kg3 78. Rc3+ Kg4 79. Rc4+ Kg5 80. Rc5+ Kg6 81. Rc1 Rc8 82. Rh1 Rxc7 83. Rxh2 Rh7 84. Rxh7 Kxh7 85. Kxa3 1/2-1/2

[Event "TUR-chT 1st League"]
[Site "Konya"]
[Date "2018.07.22"]
[Round "9.1"]
[White "Sakir, Ridvan"]
[Black "Ozer, Omer Faruk"]
[Result "1-0"]
[WhiteElo "2227"]
[BlackElo "2388"]
[PlyCount "85"]
[EventDate "2018.07.16"]
[EventType "team-swiss"]
[EventRounds "9"]
[EventCountry "TUR"]
[SourceTitle "EXT 2019"]
[Source "ChessBase"]
[SourceDate "2018.10.10"]
[SourceVersion "1"]
[SourceVersionDate "2018.10.10"]
[SourceQuality "1"]
[WhiteTeam "Manisa Turkuaz"]
[BlackTeam "Sertel Genclik"]
[WhiteTeamCountry "TUR"]
[BlackTeamCountry "TUR"]

1. e4 c5 2. Nf3 Nc6 3. d4 cxd4 4. Nxd4 Qb6 5. Nb3 Nf6 6. Nc3 e6 7. Bd3 Be7 8. Qe2 d6 9. Be3 Qc7 10. f4 a6 11. 0-0-0 b5 12. g4 Nd7 13. g5 Bb7 14. Rhe1 Nb4 15. Kb1 Nxd3 16. Qxd3 b4 17. Ne2 0-0 18. Ng3 Rfd8 19. f5 Bf8 20. Qe2 exf5 21. exf5 Ne5 22. Nd4 Re8 23. Bc1 Rac8 24. Qf1 a5 25. g6 hxg6 26. fxg6 Nxg6 27. Rxe8 Rxe8 28. Ngf5 Be4 29. h4 Re5 30. Rd2 Qc5 31. Rf2 a4 32. h5 Ne7 33. Be3 Nxf5 34. Nxf5 Qd5 35. Nd4 Rxh5 36. Qe2 b3 37. axb3 axb3 38. Nxb3 Qxb3 39. Qxh5 g6 40. Qg5 Qb4 41. Bd2 Qb6 42. Qf6 Bf5 43. Bc3 1-0

[Event "TUR-chT 1st League"]
[Site "Konya"]
[Date "2018.07.17"]
[Round "2.1"]
[White "Sakir, Ridvan"]
[Black "Agdelen, Huseyin Can"]
[Result "0-1"]
[WhiteElo "2227"]
[BlackElo "2276"]
[PlyCount "144"]
[EventDate "2018.07.16"]
[EventType "team-swiss"]
[EventRounds "9"]
[EventCountry "TUR"]
[SourceTitle "EXT 2019"]
[Source "ChessBase"]
[SourceDate "2018.10.10"]
[SourceVersion "1"]
[SourceVersionDate "2018.10.10"]
[SourceQuality "1"]
[WhiteTeam "Manisa Turkuaz"]
[BlackTeam "Tatvan Egitimi"]
[WhiteTeamCountry "TUR"]
[BlackTeamCountry "TUR"]

1. d4 d5 2. c4 e6 3. Nc3 a6 4. e3 Nf6 5. Nf3 Be7 6. Bd3 dxc4 7. Bxc4 b5 8. Bd3 Bb7 9. 0-0 Nbd7 10. Qe2 c5 11. Rd1 Qb6 12. Bc2 Rc8 13. a3 0-0 14. e4 cxd4 15. Nxd4 Ne5 16. Bf4 Nc4 17. e5 Nxb2 18. Bxh7+ Nxh7 19. Qxb2 Rfd8 20. Nce2 Qc5 21. Rd3 Qd5 22. f3 Nf8 23. Bg3 Ng6 24. Nf4 Nxf4 25. Bxf4 Rc4 26. Rad1 Bc5 27. Be3 Qxe5 28. Bf2 Rc8 29. Qd2 Bd5 30. Kh1 Qf6 31. h3 Qg6 32. Kh2 Bd6+ 33. Kh1 Be5 34. Ne2 Rc2 35. Qe3 Bd6 36. R1d2 R2c4 37. Qb6 R4c6 38. Qe3 Qf6 39. Bg3 Bc5 40. Nd4 Rb6 41. Qe5 Qxe5 42. Bxe5 Bf8 43. Nc2 f6 44. Bd4 Rb7 45. Ne3 Bc6 46. Bb2 Be8 47. Rd8 Rbc7 48. Kh2 Be7 49. R8d3 Kf7 50. g4 a5 51. Kg3 b4 52. axb4 axb4 53. f4 Bb5 54. Rb3 Rd7 55. Rxd7 Bxd7 56. h4 Ra8 57. g5 Ra2 58. Bd4 Ba4 59. Rb1 Rd2 60. Bb6 Bc6 61. Rb3 Ba4 62. Rb1 b3 63. Kg4 Bb4 64. h5 Bc3 65. g6+ Ke8 66. Nc4 f5+ 67. Kf3 Rh2 68. Rd1 b2 69. Rd8+ Ke7 70. Nd6 Bd7 71. Nf7 b1Q 72. Bc5+ Kf6 0-1

[Event "Wch U18"]
[Site "Montevideo"]
[Date "2017.09.23"]
[Round "8"]
[White "Goncalves, Davi Sulzbacher"]
[Black "Sakir, Ridvan"]
[Result "0-1"]
[WhiteElo "2252"]
[BlackElo "2129"]
[PlyCount "102"]
[EventDate "2017.09.17"]
[EventType "swiss"]
[EventRounds "11"]
[EventCountry "URU"]
[SourceTitle "CBM 180 Extra"]
[Source "ChessBase"]
[SourceDate "2017.10.06"]
[SourceVersion "1"]
[SourceVersionDate "2017.10.06"]
[SourceQuality "1"]

1. d4 Nf6 2. Nf3 e6 3. Bg5 Be7 4. e3 c5 5. Bd3 cxd4 6. exd4 b6 7. 0-0 Bb7 8. Re1 0-0 9. Qe2 d6 10. Nbd2 Nbd7 11. a4 a6 12. c4 a5 13. Rac1 Re8 14. Bb1 Qc7 15. Bf4 Bf8 16. Bg3 Qc6 17. b3 e5 18. d5 Qc7 19. Ng5 h6 20. Nge4 Nxe4 21. Qxe4 g6 22. f4 f5 23. Qc2 e4 24. Nxe4 fxe4 25. Rxe4 Nf6 26. Rxe8 Rxe8 27. Qxg6+ Bg7 28. Bh4 Qc5+ 29. Kh1 Qe3 30. Rf1 Rf8 31. Re1 Qxf4 32. Bxf6 Qxf6 33. Qh7+ Kf7 34. Bd3 Qg5 35. g3 Bc8 36. Bg6+ Qxg6 37. Rf1+ Qf6 38. Rxf6+ Kxf6 39. Qe4 Bf5 40. Qe3 Kg6 41. g4 Bxg4 42. h3 Bf3+ 43. Kg1 Be5 44. Qxb6 Rf4 45. Qxa5 Bd4+ 46. Kh2 Be4 47. Qe1 Rf2+ 48. Kg3 Rf3+ 49. Kh2 Kf5 50. h4 Rf2+ 51. Kh3 Kf4 0-1

[Event "Wch U18"]
[Site "Montevideo"]
[Date "2017.09.20"]
[Round "5"]
[White "Sakir, Ridvan"]
[Black "Munoz, Francisco Javier"]
[Result "1/2-1/2"]
[WhiteElo "2129"]
[BlackElo "2275"]
[PlyCount "72"]
[EventDate "2017.09.17"]
[EventType "swiss"]
[EventRounds "11"]
[EventCountry "URU"]
[SourceTitle "CBM 180 Extra"]
[Source "ChessBase"]
[SourceDate "2017.10.06"]
[SourceVersion "1"]
[SourceVersionDate "2017.10.06"]
[SourceQuality "1"]

1. e4 c5 2. Nf3 Nf6 3. e5 Nd5 4. Nc3 Nxc3 5. dxc3 Nc6 6. Bf4 Qb6 7. b3 Qc7 8. Qd2 e6 9. Bd3 h6 10. h4 b6 11. 0-0 Bb7 12. Rfe1 0-0-0 13. Rad1 d5 14. Qe2 Be7 15. h5 Kb8 16. Bg3 c4 17. bxc4 d4 18. cxd4 Nxd4 19. Nxd4 Rxd4 20. c3 Qc6 21. Qf3 Qxf3 22. gxf3 Rd7 23. Be2 Rhd8 24. Rxd7 Rxd7 25. Rd1 Rxd1+ 26. Bxd1 Ba6 27. Bb3 Bb7 28. Bd1 Ba6 29. Bb3 Kc7 30. Kf1 Kc6 31. Ke2 Kc5 32. Kd3 Bb7 33. Bd1 Ba6 34. Bb3 Bb7 35. Bd1 Ba6 36. Bb3 Bb7 1/2-1/2

[Event "Wch U18"]
[Site "Montevideo"]
[Date "2017.09.17"]
[Round "1"]
[White "Acosta, Pablo Ismael"]
[Black "Sakir, Ridvan"]
[Result "1-0"]
[WhiteElo "2409"]
[BlackElo "2129"]
[PlyCount "81"]
[EventDate "2017.09.17"]
[EventType "swiss"]
[EventRounds "11"]
[EventCountry "URU"]
[SourceTitle "CBM 180 Extra"]
[Source "ChessBase"]
[SourceDate "2017.10.06"]
[SourceVersion "1"]
[SourceVersionDate "2017.10.06"]
[SourceQuality "1"]

1. d4 Nf6 2. Nf3 e6 3. Bg5 Be7 4. Nbd2 d5 5. e3 0-0 6. Bd3 Nbd7 7. Qe2 c5 8. c3 b6 9. Ne5 Nxe5 10. dxe5 Nd7 11. Bf4 Qc7 12. h4 Re8 13. Nf3 Nf8 14. Ng5 g6 15. Qg4 d4 16. h5 Bxg5 17. Qxg5 dxc3 18. bxc3 Qd8 19. Be4 Qxg5 20. Bxg5 Rb8 21. 0-0-0 Bb7 22. Bxb7 Rxb7 23. hxg6 fxg6 24. Rd6 Rf7 25. f4 Rc7 26. c4 Rb8 27. a4 Rd7 28. Rhd1 Rxd6 29. Rxd6 Kf7 30. Bh6 Ke7 31. Kc2 Rc8 32. g4 Rb8 33. e4 a6 34. Kc3 b5 35. Rxa6 bxa4 36. Rxa4 Rb1 37. Bg5+ Kf7 38. Ra7+ Kg8 39. Bf6 Rc1+ 40. Kd2 Rg1 41. Rg7+ 1-0

[Event "TUR Cup"]
[Site "Antalya"]
[Date "2017.02.04"]
[Round "11"]
[White "Kamer, Kayra"]
[Black "Sakir, Ridvan"]
[Result "0-1"]
[WhiteElo "2164"]
[BlackElo "2021"]
[PlyCount "112"]
[EventDate "2017.01.28"]
[EventType "swiss"]
[EventRounds "11"]
[EventCountry "TUR"]
[SourceTitle "CBM 176 Extra"]
[Source "ChessBase"]
[SourceDate "2017.03.02"]
[SourceVersion "1"]
[SourceVersionDate "2017.03.02"]
[SourceQuality "1"]

1. Nf3 d5 2. g3 c6 3. Bg2 Bg4 4. 0-0 Nd7 5. d4 Ngf6 6. h3 Bxf3 7. exf3 e6 8. f4 Bd6 9. Nd2 0-0 10. Nf3 c5 11. c3 cxd4 12. cxd4 Rc8 13. Be3 Qb6 14. Qe2 Rc7 15. Ne5 Rfc8 16. g4 Rc2 17. Qf3 Qd8 18. Nd3 Ne4 19. Qd1 R2c4 20. b3 Rc3 21. Bxe4 dxe4 22. Ne5 Nb6 23. g5 Nd5 24. Qh5 g6 25. Qh4 h5 26. Nc4 b5 27. Nd2 Nxe3 28. fxe3 Rxe3 29. Qf2 Rcc3 30. Rfe1 Rg3+ 31. Kf1 Rcf3 32. Nxf3 Rxf3 33. Rxe4 Rxf2+ 34. Kxf2 Bc7 35. Rc1 Qd5 36. Ke3 Bb6 37. Rc2 Qf5 38. Rh2 b4 39. Kd3 Qb5+ 40. Kd2 Qf1 41. h4 Qf3 42. Rhe2 Bxd4 43. Kc1 Qc3+ 44. Rc2 Be3+ 45. Kb1 Qe1+ 46. Kb2 Bc1+ 47. Rxc1 Qxe4 48. Rc4 Qe2+ 49. Kb1 Qe1+ 50. Kb2 a5 51. a4 bxa3+ 52. Ka2 Qxh4 53. Kxa3 Qe1 54. Ka4 h4 55. f5 gxf5 56. g6 Qb4+ 0-1

[Event "TUR Cup"]
[Site "Antalya"]
[Date "2017.02.03"]
[Round "10"]
[White "Sakir, Ridvan"]
[Black "Arslanargun, Zana"]
[Result "1-0"]
[WhiteElo "2021"]
[BlackElo "1710"]
[PlyCount "85"]
[EventDate "2017.01.28"]
[EventType "swiss"]
[EventRounds "11"]
[EventCountry "TUR"]
[SourceTitle "CBM 176 Extra"]
[Source "ChessBase"]
[SourceDate "2017.03.02"]
[SourceVersion "1"]
[SourceVersionDate "2017.03.02"]
[SourceQuality "1"]

1. e4 c5 2. Nf3 Nc6 3. d4 cxd4 4. Nxd4 Nf6 5. Nc3 e6 6. Ndb5 d6 7. Bf4 e5 8. Bg5 Be7 9. Bxf6 Bxf6 10. Qxd6 Qxd6 11. Nxd6+ Kf8 12. 0-0-0 Be6 13. Nxb7 Nd4 14. Nc5 Ke7 15. Nxe6 fxe6 16. Bc4 Rhc8 17. Bb3 a5 18. Kb1 Rab8 19. Rd3 h5 20. Rhd1 Bg5 21. g3 Bf6 22. f4 g6 23. fxe5 Bxe5 24. Rxd4 Bxd4 25. Rxd4 Rf8 26. Bc4 Rf2 27. h4 Rf3 28. Rd3 Rf1+ 29. Rd1 Rxd1+ 30. Nxd1 Rf8 31. Be2 Kd6 32. a3 Ke5 33. Nc3 Rf2 34. Bd3 Kd4 35. Ne2+ Ke3 36. b4 axb4 37. axb4 e5 38. Kb2 Rf8 39. b5 Rg8 40. Kb3 g5 41. hxg5 Rxg5 42. Kb4 Kf2 43. b6 1-0

[Event "TUR Cup"]
[Site "Antalya"]
[Date "2017.01.30"]
[Round "4"]
[White "Sakir, Ridvan"]
[Black "Karaokcu, Erkin"]
[Result "1-0"]
[WhiteElo "2021"]
[BlackElo "2161"]
[PlyCount "123"]
[EventDate "2017.01.28"]
[EventType "swiss"]
[EventRounds "11"]
[EventCountry "TUR"]
[SourceTitle "CBM 176 Extra"]
[Source "ChessBase"]
[SourceDate "2017.03.02"]
[SourceVersion "1"]
[SourceVersionDate "2017.03.02"]
[SourceQuality "1"]

1. e4 Nf6 2. e5 Nd5 3. d4 d6 4. c4 Nb6 5. exd6 cxd6 6. Nc3 g6 7. Be3 Bg7 8. Rc1 0-0 9. b3 f5 10. Qd2 Nc6 11. d5 Ne5 12. Be2 e6 13. dxe6 Bxe6 14. Nh3 Ng4 15. Bxg4 fxg4 16. Nf4 Bf7 17. 0-0 Qd7 18. Rfd1 Rfd8 19. Bxb6 axb6 20. Nfd5 Rab8 21. Re1 Re8 22. Ne4 Qd8 23. Rcd1 Re5 24. Ndc3 Qh4 25. Ng3 Rbe8 26. Rxe5 Bxe5 27. Nce4 Qe7 28. Qb4 d5 29. Qxe7 Rxe7 30. cxd5 Rd7 31. d6 h5 32. Nf1 Be6 33. Ne3 Bf5 34. Nc4 Bxh2+ 35. Kxh2 Bxe4 36. Nxb6 Rd8 37. Kg3 Kf7 38. Rd4 Bc6 39. a4 Ke6 40. d7 g5 41. b4 Bxd7 42. b5 Ke7 43. Rxd7+ Rxd7 44. Nxd7 Kxd7 45. a5 Kd6 46. f4 gxf3 47. Kxf3 Kc5 48. a6 bxa6 49. bxa6 Kb6 50. Ke4 Kxa6 51. Kf5 g4 52. Kg5 Kb6 53. Kxh5 g3 54. Kg4 Kc6 55. Kxg3 Kd5 56. Kf4 Ke6 57. Kg5 Ke5 58. g4 Ke6 59. Kg6 Ke7 60. Kg7 Ke8 61. g5 Ke7 62. g6 1-0

[Event "Manavgat Turkey Cup"]
[Site "Manavgat"]
[Date "2016.02.05"]
[Round "10"]
[White "Yurtseven, Melih"]
[Black "Sakir, Ridvan"]
[Result "1-0"]
[WhiteElo "2332"]
[BlackElo "2093"]
[PlyCount "85"]
[EventDate "2016.01.30"]
[EventType "swiss"]
[EventRounds "11"]
[EventCountry "TUR"]
[SourceTitle "CBM 170 Extra"]
[Source "ChessBase"]
[SourceDate "2016.02.25"]
[SourceVersion "1"]
[SourceVersionDate "2016.02.25"]
[SourceQuality "1"]

1. Nf3 Nf6 2. b3 d5 3. Bb2 e6 4. g3 Be7 5. Bg2 0-0 6. 0-0 b6 7. d3 Bb7 8. Nbd2 c5 9. e4 Nc6 10. e5 Nd7 11. Re1 a5 12. a4 Qc7 13. h4 Rac8 14. Nf1 c4 15. d4 Nb4 16. Ne3 Ba6 17. bxc4 Bxc4 18. Qd2 Ba6 19. Rec1 Rfe8 20. Ne1 Qb8 21. Ba3 Nf8 22. c3 Nc6 23. N1c2 Qa7 24. Rab1 Rc7 25. Rb3 Rec8 26. Rcb1 Bxa3 27. Nxa3 Nd7 28. h5 Ne7 29. h6 gxh6 30. Bf1 Rf8 31. Ng4 Bxf1 32. Rxf1 Rc6 33. Qxh6 Nf5 34. Qh5 Kh8 35. Kg2 Rg8 36. Rh1 Rg7 37. Nf6 Nf8 38. g4 Qe7 39. c4 h6 40. Kf1 Rxc4 41. Nxc4 dxc4 42. gxf5 Rh7 43. Rg3 1-0

[Event "Manavgat Turkey Cup"]
[Site "Manavgat"]
[Date "2016.02.04"]
[Round "8"]
[White "Koksal, Ege"]
[Black "Sakir, Ridvan"]
[Result "1-0"]
[WhiteElo "2331"]
[BlackElo "2093"]
[PlyCount "119"]
[EventDate "2016.01.30"]
[EventType "swiss"]
[EventRounds "11"]
[EventCountry "TUR"]
[SourceTitle "CBM 170 Extra"]
[Source "ChessBase"]
[SourceDate "2016.02.25"]
[SourceVersion "1"]
[SourceVersionDate "2016.02.25"]
[SourceQuality "1"]

1. d4 Nf6 2. c4 e6 3. Nc3 Bb4 4. Qc2 0-0 5. Bg5 h6 6. Bh4 d6 7. e3 Nbd7 8. Nge2 c5 9. a3 Ba5 10. Rd1 Qe7 11. Nc1 Bxc3+ 12. Qxc3 b6 13. Be2 Bb7 14. 0-0 Rac8 15. f3 Rfd8 16. dxc5 Rxc5 17. Nb3 Rcc8 18. Qb4 Nc5 19. Nxc5 Rxc5 20. e4 e5 21. Rd2 Bc8 22. Qa4 Rc7 23. Rfd1 g5 24. Bf2 Be6 25. Qb4 Ne8 26. a4 Rdc8 27. b3 Rb7 28. Rd3 Qc7 29. Qa3 a5 30. Qb2 Qb8 31. Qd2 f6 32. Be3 Rg7 33. Kf2 Rc6 34. g3 Qb7 35. f4 Rcc7 36. Bf3 Bd7 37. f5 Bc6 38. Bh5 Rgf7 39. Bxf7+ Rxf7 40. Rd5 Kg7 41. Qe2 Bxd5 42. cxd5 Nc7 43. Rc1 Na6 44. Rc6 Nc5 45. Bxc5 bxc5 46. Qb5 Rd7 47. Rb6 Qc7 48. Ke2 h5 49. Kd3 Qd8 50. Qxa5 Kh6 51. Qb5 g4 52. a5 Ra7 53. a6 h4 54. Rb7 Ra8 55. a7 hxg3 56. hxg3 Qg8 57. Qd7 Rf8 58. Kc4 Rd8 59. Qf7 Qh8 60. Qg6# 1-0

[Event "Malatya Golden Apricot op 3rd"]
[Site "Malatya"]
[Date "2015.08.29"]
[Round "8"]
[White "Sakir, Ridvan"]
[Black "Guliev, Logman"]
[Result "1/2-1/2"]
[WhiteElo "1872"]
[BlackElo "2415"]
[PlyCount "231"]
[EventDate "2015.08.25"]
[EventType "swiss"]
[EventRounds "9"]
[EventCountry "TUR"]
[SourceTitle "EXT 2016"]
[Source "ChessBase"]
[SourceDate "2015.10.08"]
[SourceVersion "1"]
[SourceVersionDate "2015.10.08"]
[SourceQuality "1"]

1. e4 c5 2. Nf3 d6 3. d4 cxd4 4. Nxd4 Nf6 5. Nc3 a6 6. g3 e5 7. Nde2 Be7 8. Bg2 0-0 9. 0-0 Be6 10. a4 Nc6 11. h3 Nb4 12. g4 d5 13. exd5 Nfxd5 14. Nxd5 Bxd5 15. Bxd5 Nxd5 16. c4 Nb4 17. Qxd8 Rfxd8 18. Ra3 Nd3 19. Rb3 Nc5 20. Re3 Nxa4 21. b3 Nc5 22. Rxe5 Bf8 23. Re3 a5 24. Ba3 Rd2 25. Ng3 Rad8 26. Rb1 g6 27. Rf3 Re8 28. Ra1 Bg7 29. Rb1 Ne6 30. Nf1 Ra2 31. Bc1 Rd8 32. Be3 Rd3 33. Kg2 Rc2 34. Bb6 Rd6 35. Be3 Rc3 36. Bd2 Rxf3 37. Kxf3 Rd3+ 38. Kg2 Bc3 39. Be3 Bd4 40. Kf3 Bxe3 41. Nxe3 f5 42. gxf5 gxf5 43. Ke2 Nf4+ 44. Ke1 Kf7 45. Nxf5 Ke6 46. Ne3 Ke5 47. Ra1 b6 48. c5 bxc5 49. Rxa5 Ke4 50. Ra7 Rxb3 51. Rxh7 Rb2 52. Nd1 Nd3+ 53. Kf1 Rd2 54. Nc3+ Kf3 55. Rf7+ Nf4 56. Ke1 Rb2 57. Nd5 Rb1+ 58. Kd2 Kxf2 59. Nxf4 Kg3 60. Ke3 Re1+ 61. Kd3 c4+ 62. Kd4 c3 63. Kxc3 Re4 64. Nd5 Kxh3 65. Kd3 Re8 66. Rg7 Kh4 67. Kd4 Re6 68. Nc3 Kh5 69. Ne4 Rg6 70. Rf7 Ra6 71. Ke5 Kg6 72. Rb7 Ra5+ 73. Kf4 Ra6 74. Rb1 Ra5 75. Rb6+ Kf7 76. Nd6+ Ke7 77. Nf5+ Kd7 78. Kg5 Rc5 79. Rd6+ Kc7 80. Rd4 Rc1 81. Kf6 Re1 82. Ng7 Kc6 83. Ne6 Rf1+ 84. Ke7 Re1 85. Rd6+ Kb5 86. Kd7 Kc4 87. Kc6 Rh1 88. Nc7 Rh5 89. Ne6 Rh4 90. Rd5 Rh6 91. Re5 Rh4 92. Kd6 Rg4 93. Rc5+ Kd3 94. Ke5 Re4+ 95. Kf5 Re1 96. Nf4+ Kd4 97. Rc6 Re5+ 98. Kg4 Re8 99. Kf3 Re3+ 100. Kf2 Re8 101. Rc2 Rf8 102. Kf3 Re8 103. Rd2+ Kc4 104. Ng6 Re6 105. Nh4 Re5 106. Kf4 Rd5 107. Re2 Rd4+ 108. Kg3 Rd3+ 109. Nf3 Kd5 110. Kf4 Kd6 111. Nd2 Kd7 112. Ne4 Ra3 113. Rc2 Ra1 114. Ke5 Re1 115. Rc3 Re2 116. Kd5 1/2-1/2

[Event "TUR-chT2"]
[Site "Konya"]
[Date "2015.07.28"]
[Round "5.9"]
[White "Sakir, Ridvan"]
[Black "Celik, Ege"]
[Result "1-0"]
[WhiteElo "1796"]
[BlackElo "1786"]
[PlyCount "89"]
[EventDate "2015.07.25"]
[EventType "team-swiss"]
[EventRounds "9"]
[EventCountry "TUR"]
[SourceTitle "CBM 167 Extra"]
[Source "ChessBase"]
[SourceDate "2015.09.14"]
[SourceVersion "1"]
[SourceVersionDate "2015.09.14"]
[SourceQuality "1"]
[WhiteTeam "Adana Dahi"]
[BlackTeam "Karaman Saglik"]
[WhiteTeamCountry "TUR"]
[BlackTeamCountry "TUR"]

1. e4 c5 2. Nf3 d6 3. d4 cxd4 4. Nxd4 Nf6 5. Nc3 g6 6. Be3 Bg7 7. f3 a6 8. Qd2 h5 9. Bc4 b5 10. Bb3 Bb7 11. 0-0-0 Nbd7 12. h3 h4 13. Rhe1 Qc7 14. Kb1 Rc8 15. Bg5 Kf8 16. f4 Nc5 17. Bxf6 Bxf6 18. f5 g5 19. Nd5 Bxd5 20. exd5 a5 21. Nxb5 Qb6 22. a4 Kg7 23. Qe3 Qb7 24. Rg1 Qb6 25. Rde1 Qb7 26. c4 Nxb3 27. Qxb3 Qb6 28. Rgf1 Qc5 29. Re4 Be5 30. Ka2 Rh6 31. Qa3 Qb6 32. b3 Bf6 33. Qc1 Rch8 34. Qe3 Qxe3 35. Rxe3 Be5 36. Ka3 Rf6 37. b4 axb4+ 38. Kxb4 e6 39. dxe6 fxe6 40. Ref3 Bf4 41. fxe6 Rxe6 42. a5 Ra8 43. Nc7 Rb8+ 44. Kc3 Re2 45. a6 1-0